| 000 | 00615nmm a2200193Ia 4500 | ||
|---|---|---|---|
| 008 | 251105s9999||||xx |||||||||||||||||und|| | ||
| 020 | _a9788492567355 | ||
| 041 | _aspa | ||
| 100 | _aGuderian, Heinz | ||
| 245 | 0 |
_aAchtung Panzer! : _b El desarrollo de los blindados. Su táctica de combate y sus posibilidades operativas |
|
| 264 |
_a[Madrid, España] : _bRoca Editorial, _c2013 |
||
| 300 | _a224 páginas | ||
| 490 | _aTempus | ||
| 650 | _aHistory (General) | ||
| 700 | _aGuderian, Heinz | ||
| 700 | 1 | _a Otero Moreno, Concepción | |
| 856 | _uhttps://public.digitaliapublishing.com/a/38401 | ||
| 942 | _cCF | ||
| 999 |
_c66526 _d66526 |
||